India's urban tension : A note on methodology and preliminary observations. (Record no. 15541)

MARC details
000 -LEADER
fixed length control field 00333nam a2200121Ia 4500
082 ## - DEWEY DECIMAL CLASSIFICATION NUMBER
Classification number RI.0003
100 ## - MAIN ENTRY--AUTHOR NAME
Personal name University of Sagar. Departmen
245 #0 - TITLE STATEMENT
Title India's urban tension : A note on methodology and preliminary observations.
260 ## - PUBLICATION, DISTRIBUTION, ETC. (IMPRINT)
Year of publication 1973
300 ## - PHYSICAL DESCRIPTION
Number of Pages 211p.
942 ## - ADDED ENTRY ELEMENTS (KOHA)
Koha item type Books
Holdings
Withdrawn status Lost status Damaged status Not for loan Home library Current library Date acquired Full call number Accession Number Price effective from Koha item type
        NASSDOC Library NASSDOC Library 08/10/2004 RI.0003 5830 18/04/2019 Books